[Event "SVR-op 33rd"]
[Site "Mendig"]
[Date "2010.03.27"]
[Round "2"]
[White "Anetsberger, Carlos"]
[Black "Eschke, Lars"]
[Result "0-1"]
[WhiteElo "1708"]
[BlackElo "2193"]
[PlyCount "84"]
[EventDate "2010.03.27"]
[EventType "swiss"]
[EventRounds "7"]
[EventCountry "GER"]
[SourceTitle "EXT 2011"]
[Source "ChessBase"]
[SourceDate "2010.11.26"]
[SourceVersion "1"]
[SourceVersionDate "2010.11.26"]
[SourceQuality "1"]

1. d4 d5 2. c4 c6 3. Nc3 Nf6 4. e3 a6 5. a3 b5 6. cxd5 cxd5 7. Nf3 Bg4 8. Be2 e6 9. Ne5 Bxe2 10. Qxe2 Bd6 11. f4 0-0 12. 0-0 Nfd7 13. Bd2 f6 14. Nd3 Nc6 15. b4 Nb6 16. Nc5 Qe7 17. Be1 Rfe8 18. Qf3 Nc4 19. f5 Bxc5 20. bxc5 Rad8 21. Rf2 Qf7 22. fxe6 Qxe6 23. Re2 Re7 24. Bf2 Nxa3 25. e4 dxe4 26. Rxe4 Qb3 27. Rxe7 Nxe7 28. Re1 b4 29. Qb7 Nd5 30. Nxd5 Qxd5 31. Re7 Qxb7 32. Rxb7 Nb5 33. c6 Rc8 34. d5 b3 35. Rxb5 axb5 36. Bd4 Kf7 37. Kf2 Ke7 38. Bc5+ Kd8 39. Bb6+ Ke8 40. Bd4 Rd8 41. c7 Rc8 42. d6 Kd7 0-1

[Event "SVR-ch MTA 31th"]
[Site "Idar Oberstein"]
[Date "2008.03.15"]
[Round "3"]
[White "Eschke, Lars"]
[Black "Braeutigam, Helmut"]
[Result "1-0"]
[WhiteElo "2166"]
[BlackElo "1971"]
[PlyCount "81"]
[EventDate "2008.03.14"]
[EventType "tourn"]
[EventRounds "9"]
[EventCountry "GER"]
[SourceTitle "EXT 2009"]
[Source "ChessBase"]
[SourceDate "2008.11.26"]
[SourceVersion "1"]
[SourceVersionDate "2008.11.26"]
[SourceQuality "1"]

1. d4 Nf6 2. Nf3 e6 3. c4 Bb4+ 4. Nbd2 a5 5. a3 Bxd2+ 6. Bxd2 b6 7. g3 Bb7 8. Bg2 0-0 9. 0-0 d6 10. Qc2 Nbd7 11. b4 axb4 12. axb4 Qe7 13. Qb2 h6 14. Rfd1 Be4 15. b5 Rfd8 16. Bb4 Qe8 17. Nd2 Bxg2 18. Kxg2 d5 19. c5 bxc5 20. dxc5 e5 21. Nb3 d4 22. Ba5 Rdc8 23. Qc2 Qe6 24. f3 Nd5 25. Bd2 Rab8 26. c6 N7b6 27. Nc5 Qe7 28. Rdc1 Ra8 29. Na6 Qd6 30. Kg1 Rf8 31. Qb3 Kh8 32. Ra2 f5 33. Rca1 e4 34. Bb4 Nxb4 35. Qxb4 Qxb4 36. Nxb4 Kg8 37. Rxa8 Rxa8 38. Rxa8+ Nxa8 39. Nd5 Kf7 40. Nxc7 Nxc7 41. b6 1-0

[Event "SVR-ch MTB 30th"]
[Site "Nickenich"]
[Date "2007.04.01"]
[Round "5"]
[White "Eschke, Lars"]
[Black "Gruschinski, Rainer"]
[Result "1-0"]
[WhiteElo "2145"]
[BlackElo "2120"]
[PlyCount "41"]
[EventDate "2007.03.30"]
[EventType "tourn"]
[EventRounds "9"]
[EventCountry "GER"]
[SourceTitle "EXT 2009"]
[Source "ChessBase"]
[SourceDate "2008.11.26"]
[SourceVersion "1"]
[SourceVersionDate "2008.11.26"]
[SourceQuality "1"]

1. d4 c5 2. d5 Nf6 3. c4 e6 4. Nc3 exd5 5. cxd5 d6 6. Nf3 g6 7. Nd2 Bg7 8. Nc4 0-0 9. Bg5 h6 10. Bh4 g5 11. Bg3 b5 12. Nxb5 Bd7 13. Nbxd6 Be8 14. e3 Na6 15. Be2 Nb4 16. e4 Qe7 17. f3 Bd7 18. Ne3 a5 19. Ndf5 Qd8 20. Nxg7 Kxg7 21. 0-0 1-0

[Event "Hassloch op 21st"]
[Site "Hassloch"]
[Date "2006.06.06"]
[Round "7"]
[White "Metz, Hartmut"]
[Black "Eschke, Lars"]
[Result "1-0"]
[WhiteElo "2290"]
[BlackElo "2141"]
[PlyCount "63"]
[EventDate "2006.06.02"]
[EventType "swiss"]
[EventRounds "7"]
[EventCountry "GER"]
[SourceTitle "CBM 112 Extra"]
[Source "ChessBase"]
[SourceDate "2006.07.14"]
[SourceVersion "1"]
[SourceVersionDate "2006.07.14"]
[SourceQuality "1"]

1. e4 c5 2. Nf3 Nc6 3. d4 cxd4 4. Nxd4 g6 5. g3 Bg7 6. Ne2 Nf6 7. Bg2 h5 8. h3 d6 9. Nbc3 Bd7 10. Be3 Ne5 11. b3 Bc6 12. Nd4 Qa5 13. Bd2 Qb6 14. Nxc6 Nxc6 15. 0-0 0-0 16. Rc1 Rac8 17. Kh2 Ne5 18. Qe2 Rfe8 19. Na4 Qc7 20. c4 b6 21. Be3 Kh7 22. Rfd1 Nc6 23. Nc3 Qb8 24. f4 e5 25. f5 Nd4 26. Qf2 Qc7 27. Rf1 Rf8 28. g4 hxg4 29. Qh4+ Kg8 30. hxg4 gxf5 31. exf5 Qe7 32. Bg5 1-0

[Event "Hassloch op 21st"]
[Site "Hassloch"]
[Date "2006.06.04"]
[Round "5"]
[White "Thinius, Marco"]
[Black "Eschke, Lars"]
[Result "1-0"]
[WhiteElo "2353"]
[BlackElo "2141"]
[PlyCount "51"]
[EventDate "2006.06.02"]
[EventType "swiss"]
[EventRounds "7"]
[EventCountry "GER"]
[SourceTitle "CBM 112 Extra"]
[Source "ChessBase"]
[SourceDate "2006.07.14"]
[SourceVersion "1"]
[SourceVersionDate "2006.07.14"]
[SourceQuality "1"]

1. e4 c5 2. Nf3 Nc6 3. Bb5 g6 4. Bxc6 dxc6 5. d3 Bg7 6. h3 Qc7 7. Nc3 Nf6 8. Be3 b6 9. Qd2 0-0 10. Bf4 Qb7 11. Bh6 Rd8 12. Bxg7 Kxg7 13. Ne5 Qc7 14. f4 Nd7 15. Ng4 Nf8 16. 0-0-0 c4 17. d4 b5 18. f5 b4 19. Ne2 Qa5 20. Kb1 c3 21. Qg5 f6 22. Qh6+ Kg8 23. Nf4 b3 24. axb3 Rb8 25. fxg6 Rb6 26. Nh5 1-0

[Event "Koblenz-ch"]
[Site "Koblenz"]
[Date "2003.11.25"]
[Round "7"]
[White "Thieme Garmann, Alexander"]
[Black "Eschke, Lars"]
[Result "1-0"]
[WhiteElo "2019"]
[BlackElo "2040"]
[PlyCount "71"]
[EventDate "2003.09.23"]
[EventType "swiss"]
[EventRounds "7"]
[EventCountry "GER"]
[SourceTitle "EXT 2005"]
[Source "ChessBase"]
[SourceDate "2004.11.15"]
[SourceVersion "1"]
[SourceVersionDate "2004.11.15"]
[SourceQuality "1"]

1. e4 c5 2. Nc3 Nc6 3. g3 g6 4. d3 Bg7 5. Be3 d6 6. Qd2 Nf6 7. h3 0-0 8. Bg2 Rb8 9. Nge2 b5 10. 0-0 b4 11. Nd1 Qc7 12. Kh2 Nd7 13. Bh6 Nd4 14. Bxg7 Kxg7 15. Ng1 Nb6 16. Ne3 Bd7 17. f4 f6 18. c3 bxc3 19. bxc3 Nc6 20. Ne2 Be6 21. Nd5 Bxd5 22. exd5 Nd8 23. f5 c4 24. d4 g5 25. g4 Qd7 26. Rab1 Nf7 27. Ng3 Qa4 28. Rfe1 Rfe8 29. Rb4 Qa5 30. Reb1 Nd7 31. Rxb8 Rxb8 32. Rxb8 Nxb8 33. Qb2 Nd7 34. Qb7 Nb6 35. Qxe7 Nxd5 36. Nh5+ 1-0

[Event "Koblenz-ch"]
[Site "Koblenz"]
[Date "2003.10.14"]
[Round "4"]
[White "Stahl, Michael"]
[Black "Eschke, Lars"]
[Result "1/2-1/2"]
[WhiteElo "2150"]
[BlackElo "2040"]
[PlyCount "38"]
[EventDate "2003.09.23"]
[EventType "swiss"]
[EventRounds "7"]
[EventCountry "GER"]
[SourceTitle "EXT 2005"]
[Source "ChessBase"]
[SourceDate "2004.11.15"]
[SourceVersion "1"]
[SourceVersionDate "2004.11.15"]
[SourceQuality "1"]

1. e4 c5 2. c3 e5 3. Nf3 Nc6 4. Bc4 Qc7 5. Ng5 Nh6 6. f4 exf4 7. 0-0 Be7 8. Nf3 0-0 9. Na3 a6 10. Qe2 b5 11. Bd5 c4 12. Nc2 Rb8 13. d4 cxd3 14. Qxd3 Ng4 15. h3 Qb6+ 16. Kh1 Nf2+ 17. Rxf2 Qxf2 18. Bxf4 Ra8 19. Ncd4 Nxd4 1/2-1/2

[Event "Rheinland-ch MTB"]
[Site "Koblenz"]
[Date "2003.04.13"]
[Round "5"]
[White "Eschke, Lars"]
[Black "Froembgen, Andreas"]
[Result "1/2-1/2"]
[WhiteElo "2205"]
[BlackElo "2043"]
[PlyCount "58"]
[EventDate "2003.04.11"]
[EventType "tourn"]
[EventRounds "9"]
[EventCountry "GER"]
[SourceTitle "EXT 2004"]
[Source "ChessBase"]
[SourceDate "2003.11.25"]
[SourceVersion "1"]
[SourceVersionDate "2003.11.25"]
[SourceQuality "1"]

1. d4 Nf6 2. c4 g6 3. Nc3 Bg7 4. e4 d6 5. f3 0-0 6. Be3 Nbd7 7. Bd3 c6 8. Nge2 e5 9. 0-0 a6 10. a4 exd4 11. Nxd4 Ne5 12. Be2 c5 13. Nc2 Be6 14. b3 Qd7 15. Qd2 Rfd8 16. Rad1 Rab8 17. Bg5 Nc6 18. Kh1 Na5 19. Qe3 Qc7 20. e5 dxe5 21. Rxd8+ Rxd8 22. Ne4 Qe7 23. Nxc5 h6 24. Bh4 g5 25. Nxe6 Qxe6 26. Bf2 Nc6 27. Rd1 Rxd1+ 28. Bxd1 Qd6 29. Be2 Nd7 1/2-1/2

[Event "Koblenz-ch"]
[Site "Koblenz"]
[Date "2002.11.07"]
[Round "3"]
[White "Eschke, Lars"]
[Black "Roth, Joerg"]
[Result "1-0"]
[WhiteElo "2053"]
[BlackElo "1518"]
[PlyCount "113"]
[EventDate "2002.10.17"]
[EventType "swiss"]
[EventRounds "7"]
[EventCountry "GER"]
[SourceTitle "EXT 2005"]
[Source "ChessBase"]
[SourceDate "2004.11.15"]
[SourceVersion "1"]
[SourceVersionDate "2004.11.15"]
[SourceQuality "1"]

1. d4 f5 2. Nf3 Nf6 3. g3 g6 4. Bg2 Bg7 5. 0-0 0-0 6. c4 d6 7. Qb3 Qe8 8. Nc3 c6 9. Re1 e5 10. c5+ Kh8 11. cxd6 e4 12. Ne5 Nfd7 13. Nxd7 Nxd7 14. d5 Nb6 15. a4 Qf7 16. Rd1 Nxd5 17. Nxd5 Be6 18. Bg5 Bxd5 19. Qb4 Qd7 20. Be7 Rf7 21. e3 Bf8 22. Bxf8 Rfxf8 23. Bf1 Rf6 24. Rd2 Rxd6 25. Rad1 Rd8 26. Qd4+ Kg8 27. Qxa7 Qe7 28. a5 R8d7 29. Bc4 Kf7 30. Qc5 Ke6 31. b4 Qd8 32. Rd4 Bxc4 33. Qxc4+ Ke7 34. Qc5 Ke6 35. Kf1 Rxd4 36. exd4 Rd5 37. Qc4 Qd6 38. Ke2 f4 39. Kd2 Kf5 40. Kc3 Qe7 41. Re1 Qg5 42. Qe2 Qe7 43. Qd2 Qg5 44. Rxe4 fxg3 45. Qxg5+ Kxg5 46. fxg3 Rd7 47. Kc4 Kf5 48. Rf4+ Ke6 49. g4 g5 50. Rf5 h6 51. Rf8 Ke7 52. Rh8 Rd6 53. Rh7+ Kd8 54. Rxb7 Kc8 55. Rh7 Rf6 56. a6 Kb8 57. Kc5 1-0

[Event "Heimbach Weis op"]
[Site "Heimbach Weis"]
[Date "2002.03.26"]
[Round "5"]
[White "Reifenroether, Michael"]
[Black "Eschke, Lars"]
[Result "0-1"]
[WhiteElo "1746"]
[BlackElo "2122"]
[PlyCount "30"]
[EventDate "2002.03.22"]
[EventType "swiss"]
[EventRounds "9"]
[EventCountry "GER"]
[SourceTitle "EXT 2007"]
[Source "ChessBase"]
[SourceDate "2006.11.23"]
[SourceVersion "1"]
[SourceVersionDate "2006.11.23"]
[SourceQuality "1"]

1. e4 c5 2. Nf3 Nc6 3. d4 cxd4 4. Nxd4 g6 5. Nc3 Bg7 6. Be3 Nf6 7. Be2 0-0 8. Nb3 a5 9. a4 d6 10. 0-0 Nb4 11. f4 Be6 12. Nd4 Qc8 13. f5 Bc4 14. Rf3 Ng4 15. Ncb5 Bxb5 0-1

[Event "BL2-West 0102"]
[Site "Germany"]
[Date "2002.02.03"]
[Round "5.8"]
[White "Becker, Marcel"]
[Black "Eschke, Lars"]
[Result "1-0"]
[WhiteElo "2267"]
[BlackElo "2205"]
[PlyCount "78"]
[EventDate "2001.10.07"]
[EventType "team-tourn"]
[EventRounds "9"]
[EventCountry "GER"]
[SourceTitle "CBM 088 Extra"]
[Source "ChessBase"]
[SourceDate "2002.07.01"]
[SourceVersion "2"]
[SourceVersionDate "2002.07.01"]
[SourceQuality "1"]
[WhiteTeam "Essen Borbeck"]
[BlackTeam "Andernach"]
[WhiteTeamCountry "GER"]
[BlackTeamCountry "GER"]

1. d4 d5 2. c4 c6 3. Nf3 Nf6 4. Nc3 e6 5. e3 Nbd7 6. Bd3 dxc4 7. Bxc4 b5 8. Bd3 Bb7 9. 0-0 a6 10. e4 c5 11. d5 c4 12. dxe6 fxe6 13. Bc2 Qc7 14. Qe2 Rd8 15. Ng5 Qc6 16. f4 Bc5+ 17. Kh1 e5 18. Nd5 0-0 19. f5 Rde8 20. Ne6 Rf7 21. Bg5 Qc8 22. Ndc7 Ree7 23. Rad1 Bd4 24. a4 bxa4 25. Nd5 Re8 26. Nxf6+ gxf6 27. Bh6 Kh8 28. Bxa4 Rg8 29. Nxd4 exd4 30. Rxd4 Ne5 31. Bc2 Qc5 32. Be3 Qc7 33. Bf4 Qc5 34. Bxe5 Qxe5 35. Rfd1 Rfg7 36. Rd8 Qxb2 37. Rxg8+ Rxg8 38. Rb1 Qc3 39. Rxb7 Rd8 1-0

[Event "Travemuende op"]
[Site "Travemuende"]
[Date "1998.12.29"]
[Round "5"]
[White "Eschke, Lars"]
[Black "Werbeck, Torsten"]
[Result "0-1"]
[WhiteElo "1959"]
[BlackElo "2265"]
[PlyCount "52"]
[EventDate "1998.12.27"]
[EventType "swiss"]
[EventRounds "7"]
[EventCountry "GER"]
[SourceTitle "EXT 2006"]
[Source "ChessBase"]
[SourceDate "2005.11.24"]
[SourceVersion "1"]
[SourceVersionDate "2005.11.24"]
[SourceQuality "1"]

1. d4 Nf6 2. c4 c5 3. d5 b5 4. e3 g6 5. Nf3 bxc4 6. Bxc4 Bg7 7. Nc3 0-0 8. 0-0 d6 9. Re1 Bg4 10. h3 Bxf3 11. Qxf3 Nbd7 12. Bb3 Qb6 13. Rb1 Ne8 14. Bd2 Nc7 15. Na4 Qa6 16. Bc3 Ne5 17. Bxe5 Bxe5 18. Nc3 Bxc3 19. bxc3 c4 20. Bd1 Qxa2 21. Be2 Qa5 22. Qe4 Nxd5 23. Rb7 Nxc3 24. Qxc4 Rfc8 25. Qb3 Ne4 26. Rd1 Nc5 0-1

[Event "Rheinland op"]
[Site "Heimbach Weis"]
[Date "1997.??.??"]
[Round "7"]
[White "Eschke, Lars"]
[Black "Haffner, Ernst Georg"]
[Result "1-0"]
[WhiteElo "1900"]
[BlackElo "1875"]
[PlyCount "81"]
[EventDate "1997.04.??"]
[EventType "swiss"]
[EventRounds "7"]
[EventCountry "GER"]
[SourceTitle "EXT 2000"]
[Source "ChessBase"]
[SourceDate "1999.11.16"]
[SourceVersion "1"]
[SourceVersionDate "1999.11.16"]
[SourceQuality "1"]

1. d4 Nf6 2. c4 e6 3. Nc3 Bb4 4. Bg5 h6 5. Bh4 g5 6. Bg3 Ne4 7. Qc2 d5 8. e3 h5 9. h3 Nxg3 10. fxg3 Bd6 11. 0-0-0 c6 12. Bd3 Na6 13. a3 Qa5 14. c5 Bxg3 15. Nge2 h4 16. Rhf1 f5 17. Nxg3 hxg3 18. Rf3 b5 19. cxb6 Qxb6 20. Rxg3 Rg8 21. Rf3 Rb8 22. g4 fxg4 23. hxg4 e5 24. Bg6+ Kd8 25. Rf6 Bxg4 26. Rdf1 exd4 27. exd4 Qxd4 28. Rxc6 Nc5 29. Rd6+ Ke7 30. Rxd5 Nb3+ 31. Kb1 Nd2+ 32. Ka1 Qb6 33. Re5+ Be6 34. Nd5+ Kd6 35. Nxb6 Nxf1 36. Rxg5 Rxb6 37. Qd3+ Ke7 38. Qxf1 Rd8 39. Re5 Kd6 40. Qf6 Kc7 41. Rxe6 1-0

[Event "Rheinland op"]
[Site "Heimbach Weis"]
[Date "1997.??.??"]
[Round "4"]
[White "Eske, Alexander"]
[Black "Eschke, Lars"]
[Result "0-1"]
[WhiteElo "1750"]
[BlackElo "1900"]
[PlyCount "74"]
[EventDate "1997.04.??"]
[EventType "swiss"]
[EventRounds "7"]
[EventCountry "GER"]
[SourceTitle "EXT 2000"]
[Source "ChessBase"]
[SourceDate "1999.11.16"]
[SourceVersion "1"]
[SourceVersionDate "1999.11.16"]
[SourceQuality "1"]

1. e4 c5 2. Nf3 Nc6 3. d4 cxd4 4. Nxd4 g6 5. Be2 Bg7 6. Be3 Nf6 7. Nc3 0-0 8. Qd2 d5 9. Nxc6 bxc6 10. e5 Ng4 11. Bxg4 Bxg4 12. Bh6 d4 13. Ne4 Qd5 14. f3 Bf5 15. Bxg7 Kxg7 16. Qf4 Rab8 17. b3 Bxe4 18. fxe4 Qc5 19. 0-0-0 Rb5 20. h4 Qa3+ 21. Kd2 Qxa2 22. h5 d3 23. Rc1 Qa5+ 24. Kxd3 f5 25. exf6+ Rxf6 26. h6+ Kg8 27. Qe3 Rb7 28. Ra1 Rd7+ 29. Ke2 Qb5+ 30. c4 Qe5 31. Ra2 Rd4 32. Rh4 Rd7 33. Rd2 Rxd2+ 34. Qxd2 Qg3 35. Qd8+ Kf7 36. Qh8 Rf2+ 37. Kd1 Qd3+ 0-1

[Event "Rheinland op"]
[Site "Heimbach Weis"]
[Date "1997.??.??"]
[Round "2"]
[White "Kozlowski, Johanna"]
[Black "Eschke, Lars"]
[Result "0-1"]
[WhiteElo "1740"]
[BlackElo "1900"]
[PlyCount "78"]
[EventDate "1997.04.??"]
[EventType "swiss"]
[EventRounds "7"]
[EventCountry "GER"]
[SourceTitle "EXT 2000"]
[Source "ChessBase"]
[SourceDate "1999.11.16"]
[SourceVersion "1"]
[SourceVersionDate "1999.11.16"]
[SourceQuality "1"]

1. e4 c5 2. Nf3 Nc6 3. d4 cxd4 4. Nxd4 g6 5. Nc3 Bg7 6. Be3 Nf6 7. Be2 0-0 8. 0-0 d5 9. Nxc6 bxc6 10. e5 Nd7 11. f4 Qa5 12. a3 Rd8 13. Qe1 Nf8 14. Bd2 Qb6+ 15. Kh1 Bf5 16. Na4 Qb7 17. Ba5 Re8 18. b4 Nd7 19. Rc1 Rac8 20. c4 Be4 21. Bg4 e6 22. Rf2 h5 23. Be2 Bf8 24. c5 Be7 25. Kg1 Kg7 26. Qf1 Nb8 27. Qd1 Rh8 28. Nc3 Bf5 29. Qd4 g5 30. fxg5 Bxg5 31. Rcf1 Bg6 32. Bd3 Rcf8 33. Ne2 Nd7 34. Nf4 Bxf4 35. Rxf4 Qb8 36. Bxg6 fxg6 37. Rxf8 Rxf8 38. Rxf8 Kxf8 39. Qf4+ Kg7 0-1